El último grumete de la Baquedano

-д хадгалсан:
Номзүйн дэлгэрэнгүй
Үндсэн зохиолч: Coloane, Francisco (Зохиогч)
Формат: Ном
Хэл сонгох:испани
Хэвлэсэн: Santiago Zig-Zag 1988
Хэвлэл:32a. ed
Цуврал:Colección juvenil Zig-Zag
Нөхцлүүд:
Шошгууд: Шошго нэмэх
Шошго байхгүй, Энэхүү баримтыг шошголох эхний хүн болох!

MARC

LEADER 00000nam a2200000 a 4500
001 UCH4249
003 CL-VaPUC
008 090818e19880000CL |||||||||||||||||spa|d
082 0 4 |a Ch863  |b COL  |2 21 
100 0 |a Coloane, Francisco  |e author  |9 345716 
245 1 3 |a El último grumete de la Baquedano 
250 |a 32a. ed 
300 |a 142 p 
942 |c BK 
945 |d 20090818 00:00:00  |a lazolas 
260 |a Santiago  |b Zig-Zag  |c 1988 
650 0 |a Novelas chilenas   |9 265425 
650 0 |a Literatura chilena   |9 308278 
650 0 |a Prosa chilena   |9 267787 
650 0 |a Formas y géneros literarios  |9 324031 
583 |a last modification  |c 20090818 00:00:00  |k Rodrigo Vera 
490 0 |a Colección juvenil Zig-Zag 
999 |c 335583  |d 335581